<?xml version="1.0" encoding="UTF-8"?>
<collection xmlns="http://www.loc.gov/MARC21/slim">
 <record>
  <leader>00941nam a2200253 a 4500</leader>
  <controlfield tag="001">1/54087</controlfield>
  <controlfield tag="008">211020s1975    fr            000 | fre d</controlfield>
  <datafield tag="020" ind1=" " ind2=" ">
   <subfield code="a">2020003775</subfield>
   <subfield code="q">(τ. 2)</subfield>
  </datafield>
  <datafield tag="040" ind1=" " ind2=" ">
   <subfield code="a">GR-PeUP</subfield>
  </datafield>
  <datafield tag="082" ind1="0" ind2="0">
   <subfield code="a">331.880944 REY</subfield>
  </datafield>
  <datafield tag="100" ind1="1" ind2=" ">
   <subfield code="a">Reynaud, Jean-Daniel.</subfield>
  </datafield>
  <datafield tag="245" ind1="1" ind2="4">
   <subfield code="a">Les syndicats en France /</subfield>
   <subfield code="c">Jean-Daniel Reynaud.</subfield>
  </datafield>
  <datafield tag="260" ind1=" " ind2=" ">
   <subfield code="a">Paris :</subfield>
   <subfield code="b">Éditions du Seuil,</subfield>
   <subfield code="c">1975.</subfield>
  </datafield>
  <datafield tag="300" ind1=" " ind2=" ">
   <subfield code="a">2 τ. (318 · 346 σ.) ;</subfield>
   <subfield code="c">24 εκ.</subfield>
  </datafield>
  <datafield tag="490" ind1="1" ind2=" ">
   <subfield code="a">Politique ;</subfield>
  </datafield>
  <datafield tag="505" ind1="0" ind2=" ">
   <subfield code="a">Τ. 2 Texte et documents.</subfield>
  </datafield>
  <datafield tag="650" ind1=" " ind2="0">
   <subfield code="a">Labor unions</subfield>
   <subfield code="z">France.</subfield>
  </datafield>
  <datafield tag="650" ind1=" " ind2="4">
   <subfield code="a">Συνδικάτα</subfield>
   <subfield code="z">Γαλλία.</subfield>
  </datafield>
  <datafield tag="830" ind1=" " ind2=" ">
   <subfield code="a">Politique ;</subfield>
   <subfield code="v">72, 73</subfield>
  </datafield>
  <datafield tag="852" ind1=" " ind2=" ">
   <subfield code="a">INST</subfield>
   <subfield code="b">UNIPILB</subfield>
   <subfield code="c">MAIN</subfield>
   <subfield code="e">20211020</subfield>
   <subfield code="h">331.880944 REY</subfield>
   <subfield code="p">00186109</subfield>
   <subfield code="q">00186109</subfield>
   <subfield code="t">LOAN</subfield>
   <subfield code="v">τομ.1:</subfield>
   <subfield code="y">0</subfield>
   <subfield code="4">1</subfield>
  </datafield>
  <datafield tag="852" ind1=" " ind2=" ">
   <subfield code="a">INST</subfield>
   <subfield code="b">UNIPILB</subfield>
   <subfield code="c">MAIN</subfield>
   <subfield code="e">20211020</subfield>
   <subfield code="h">331.880944 REY</subfield>
   <subfield code="p">00186110</subfield>
   <subfield code="q">00186110</subfield>
   <subfield code="t">LOAN</subfield>
   <subfield code="v">τομ.2:</subfield>
   <subfield code="y">0</subfield>
   <subfield code="4">1</subfield>
  </datafield>
  <datafield tag="853" ind1=" " ind2=" ">
   <subfield code="a">INST</subfield>
   <subfield code="b">UNIPILB</subfield>
   <subfield code="c">MAIN</subfield>
   <subfield code="h">331.880944 REY</subfield>
   <subfield code="l">τομ.2-τομ.1</subfield>
  </datafield>
  <datafield tag="960" ind1=" " ind2=" ">
   <subfield code="a">ΜΑΡΙΑ ΒΕΛ</subfield>
  </datafield>
  <datafield tag="960" ind1=" " ind2=" ">
   <subfield code="a">ΜΑΡΙΑ ΒΕΛ</subfield>
  </datafield>
 </record>
</collection>
